• 首页
  • 本馆介绍
  • 公告通知
  • 最新文献
  • 馆藏检索
  • 电子资源
  • 读者导购
  • 参考咨询
  • 我的图书馆
  • 登录
  • 详细信息显示
  • 放入我的书架
  • 预约/预借图书
  • 作者相关作品
  • 分类相关作品
  • 丛书相关作品
  • 出版社相关作品

书目信息

  • 表格格式
  • 工作单格式
  • 卡片格式
题名:
论共产党员的修养
    
 
作者: 刘少奇 著
分册:  
出版信息: 北京   人民出版社  1962.09
页数: 76页
开本: 19cm
丛书名:
单 册:
中图分类: D2
科图分类: 71933
主题词: 中国共产党
电子资源:
ISBN:
000 00769nam0 2200229 45
001 0209170972
005 20070923150833.20
010    @dCNY0.18
091    @a3001.665
100    @a20020917d1962 km y0chiy0120 ea
101 0  @achi
200 1  @a论共产党员的修养@ALun Gong Chan Dang Yuan De Xiu Yang@e一九三九年七月在延安马列学院的讲演@EYi Jiu San Jiu Nian Qi Yue Zai Yan An Ma Lie Xue Yuan De Jiang Yan@f刘少奇著@FLiu Shao Qi Zhu
205    @a第2版
210    @a北京@c人民出版社@d1962.09
215    @a76页@d19cm
517    @a一九三九年七月在延安马列学院的讲演@AYi Jiu San Jiu Nian Qi Yue Zai YanAn Ma Lie Xue Yuan De Jiang Yan
606 0  @a中国共产党
690    @aD2@v3
692    @a71933
701  0 @a刘少奇@4著
801    @aCN@bTSTC@c20070923
905    @dD2@e17=2
    
    论共产党员的修养:一九三九年七月在延安马列学院的讲演/刘少奇著.-第2版.-北京:人民出版社,1962.09
    76页;19cm
    
    
    ISBN :CNY0.18
    
●
相关链接 在E读中查询图书 在五车中查询图书 在当当中查询图书 在豆瓣中查询图书


正题名:论共产党员的修养     索取号:D2/17=2         预约/预借

序号 登录号 条形码 馆藏地/架位号 状态 备注
1 0071933   001836213   密集书库/ [索取号:D2/17=2] 在馆    
2 0071934   001010818   第一借阅区/ [索取号:D2/17=2] 在馆    
3 0071935   001010809   第一借阅区/ [索取号:D2/17=2] 在馆    
4 0071936   001010792   第一借阅区/ [索取号:D2/17=2] 在馆    
5 0071937   001836204   密集书库/ [索取号:D2/17=2] 在馆    
6 0425666   204256660   密集书库/ [索取号:D2/17=2] 在馆    
7 0425667   204256679   密集书库/ [索取号:D2/17=2] 在馆    
8 0425668   204256688   密集书库/ [索取号:D2/17=2] 在馆    
9 0444730   204447303   密集书库/ [索取号:D2/17=2] 在馆    
10 0448156   204481569   密集书库/ [索取号:D2/17=2] 在馆    
11 0448157   204481578   密集书库/ [索取号:D2/17=2] 在馆    
12 0448158   204481587   密集书库/ [索取号:D2/17=2] 在馆    
13 0448159   204481596   密集书库/ [索取号:D2/17=2] 在馆    
14 0449108   204491086   密集书库/ [索取号:D2/17=2] 在馆    
15 0449109   204491095   密集书库/ [索取号:D2/17=2] 在馆    
16 0449110   204491102   密集书库/ [索取号:D2/17=2] 在馆    
17 0449111   204491111   密集书库/ [索取号:D2/17=2] 在馆    
18 0449112   204491120   密集书库/ [索取号:D2/17=2] 在馆    
19 0454015   204540158   密集书库/ [索取号:D2/17=2] 在馆    
20 0469195   204691958   密集书库/ [索取号:D2/17=2] 在馆    
21 0609796   206097962   密集书库/ [索取号:D2/17=2] 在馆    
22 0768300   207683005   密集书库/ [索取号:D2/17=2] 在馆    
唐山师范学院图书馆 欢迎您!
大连网信软件有限公司© 版权所有